000 00777nam a22002417a 4500
001 3811
003 FISKH
005 20240510105918.0
008 240510b cb ||||| |||| 00| 0 eng d
040 _aFISK
_beng
_cFISK
_dFISK
050 _aPZ7.S1185
082 _a813.54
100 _aSachar Louis
_d1954-
245 _aSideways stories from wayside school /
_cLouis Sachar
260 _aNew York :
_bAvon Camelot book,
_c1985
300 _a124 pages :
_billustrations,
_c20 cm
505 _aJ
520 _aHumorous episodes from the classroom on the thirtieth floor of Wayside School, which was accidentally built sideways with one classroom on each story.
521 8 _a460
_bLexiles
700 _aLouis Sachar
942 _2ddc
_cBK
_n0
999 _c3811
_d3811